[Event "4th Alexander the Great Open"]
[Site "Neos Marmaras GRE"]
[Date "2012.04.20"]
[Round "7"]
[Board "10"]
[White "Miskulin, Dennis"]
[Black "Papasimakopoulos, Alexandros"]
[Result "1-0"]
[WhiteElo "2188"]
[BlackElo "2019"]
[WhiteFideId "1705520"]
[BlackFideId "4244125"]
[EventDate "2012.04.16"]

1. e4 e6 2. d4 d5 3. Nc3 Bb4 4. Ne2 dxe4 5. a3 Bxc3+ 6. Nxc3 Nc6 7. Bb5 Ne7 8.
Be3 O-O 9. Bxc6 Nxc6 10. d5 Ne5 11. Qd4 Ng4 12. O-O-O Nxe3 13. Qxe3 exd5 14.
Rxd5 Qe7 15. Qxe4 Qxe4 16. Nxe4 Be6 17. Rd4 Rad8 18. Rhd1 Rxd4 19. Rxd4 b6 20.
Nc3 Rc8 21. Nb5 a6 22. Nxc7 Bf5 23. c3 f6 24. Nxa6 Kf7 25. Nb4 g5 26. Rd6 b5 27.
f3 h5 28. Rd5 1-0

[Event "4th Alexander the Great Open"]
[Site "Neos Marmaras GRE"]
[Date "2012.04.20"]
[Round "7"]
[Board "11"]
[White "Franco, William"]
[Black "Kanmazalp, Ogulcan"]
[Result "0-1"]
[BlackTitle "IM"]
[WhiteElo "2097"]
[BlackElo "2389"]
[WhiteFideId "4400909"]
[BlackFideId "6304990"]
[EventDate "2012.04.16"]

1. d4 Nf6 2. c4 g6 3. Nc3 Bg7 4. e4 d6 5. Nf3 O-O 6. Be2 e5 7. O-O Nc6 8. d5 Ne7
9. b4 Nh5 10. Re1 a5 11. bxa5 f5 12. a4 Nf6 13. Nd2 Rxa5 14. f3 f4 15. Ba3 b6
16. Bb4 Ra8 17. a5 c5 18. dxc6 Nxc6 19. Qb3 Nxb4 20. Qxb4 bxa5 21. Qa3 Be6 22.
Reb1 Rf7 23. Rb5 Rfa7 24. Rab1 Bf8 25. Nd5 Nd7 26. g3 fxg3 27. hxg3 a4 28. Kg2
Nc5 29. R1b4 h5 30. Nf1 h4 31. g4 h3+ 32. Kxh3 Bxd5 33. cxd5 Bh6 34. Kg2 Bf4 35.
Bd1 Rh7 36. Rxc5 dxc5 37. Rxa4 Rxa4 38. Qxa4 Rb7 39. Kf2 Rb2+ 40. Bc2 Qb8 41.
Ne3 Bxe3+ 42. Kxe3 Rb6 43. Qd7 c4 44. Ba4 Ra6 45. Qe8+ Qxe8 46. Bxe8 Ra3+ 47.
Kd2 g5 48. Bb5 Rd3+ 49. Kc2 Rxf3 50. Bxc4 Rf4 51. Kd3 Kf8 52. d6 Rf6 53. Bd5
Rxd6 54. Kc4 Ke7 55. Kd3 Ra6 56. Ke2 Kd6 0-1

[Event "4th Alexander the Great Open"]
[Site "Neos Marmaras GRE"]
[Date "2012.04.20"]
[Round "7"]
[Board "13"]
[White "Avagianos, Simeon"]
[Black "Ryabov, Igor"]
[Result "1/2-1/2"]
[WhiteElo "2060"]
[BlackElo "2009"]
[WhiteFideId "4208455"]
[BlackFideId "24196088"]
[EventDate "2012.04.16"]

1. d4 Nf6 2. c4 e5 3. dxe5 Ng4 4. Bf4 Nc6 5. Nf3 Bb4+ 6. Nbd2 Qe7 7. a3 Ngxe5 8.
Nxe5 Nxe5 9. e3 Bxd2+ 10. Qxd2 O-O 11. Qc3 d6 12. c5 Ng6 13. cxd6 cxd6 14. Bg3
Be6 15. Bd3 Bd5 16. O-O Bc6 17. Bxg6 hxg6 18. Qb4 a5 19. Qd4 Rad8 20. Rfd1 Rfe8
21. Bh4 g5 22. Bg3 d5 23. b4 axb4 24. axb4 Qe4 1/2-1/2

[Event "4th Alexander the Great Open"]
[Site "Neos Marmaras GRE"]
[Date "2012.04.21"]
[Round "8"]
[Board "1"]
[White "Antic, Dejan"]
[Black "Haznedaroglu, Kivanc"]
[Result "1-0"]
[WhiteTitle "GM"]
[BlackTitle "GM"]
[WhiteElo "2513"]
[BlackElo "2419"]
[WhiteFideId "901008"]
[BlackFideId "6300634"]
[EventDate "2012.04.16"]

1. d4 d5 2. c4 c6 3. e3 Nf6 4. Nc3 g6 5. Nf3 Bg7 6. Be2 O-O 7. O-O Bg4 8. cxd5
Nxd5 9. Qb3 Nb6 10. h3 Be6 11. Qc2 Na6 12. Bxa6 bxa6 13. b3 a5 14. Ba3 Rc8 15.
Bc5 h6 16. Rad1 f5 17. Ne5 Bxe5 18. dxe5 Qc7 19. Ne2 Nd5 20. f4 Nb4 21. Qd2 Na6
22. Rc1 Rfd8 23. Nd4 Rd5 24. Qb2 Kf7 25. Qa3 Rg8 26. Bxe7 Rxd4 27. exd4 Bd5 28.
e6+ Bxe6 29. Rfe1 Qxf4 30. Qd6 Qxd6 31. Bxd6 Rc8 32. d5 Bxd5 33. Re7+ Kf6 34.
Rxa7 Ke6 35. Rxa6 Kxd6 36. Rxa5 g5 37. b4 Re8 38. Kf2 Re4 39. b5 cxb5 40. Rxb5
Rf4+ 41. Kg1 Bxa2 42. Rb6+ Ke5 43. Re1+ Re4 44. Rxe4+ Kxe4 45. Rxh6 f4 46. Ra6
Bd5 47. Ra5 Ke5 48. Kf2 Ke6 49. g3 fxg3+ 50. Kxg3 Kd6 51. Rb5 Kc6 52. Rb4 Be6
53. Rd4 Kc7 54. Rd1 Kc6 55. Rg1 Kd6 56. Kh2 Ke5 57. Rxg5+ Kf6 58. h4 Bf5 59. Kg3
Bc2 60. Kf4 Bb1 61. h5 Bc2 62. h6 Bg6 63. Rg1 1-0

[Event "4th Alexander the Great Open"]
[Site "Neos Marmaras GRE"]
[Date "2012.04.21"]
[Round "8"]
[Board "2"]
[White "Mastrovasilis, Athanasios"]
[Black "Skytte, Rasmus"]
[Result "1-0"]
[WhiteTitle "GM"]
[BlackTitle "IM"]
[WhiteElo "2510"]
[BlackElo "2376"]
[WhiteFideId "4201990"]
[BlackFideId "1404210"]
[EventDate "2012.04.16"]

1. Nf3 d5 2. d4 e6 3. c4 c5 4. g3 Nf6 5. Bg2 Be7 6. O-O O-O 7. dxc5 Bxc5 8. a3
dxc4 9. Qxd8 Rxd8 10. Ne5 Nc6 11. Nxc4 Nd4 12. Nc3 Nd5 13. Ra2 Nxc3 14. bxc3 Nb5
15. Bd2 f6 16. a4 Nd6 17. Na5 Bb6 18. c4 Rb8 19. Rb1 Bxa5 20. Bxa5 b6 21. c5 Nc4
22. c6 Nxa5 23. c7 Ba6 24. Rd2 Rdc8 25. cxb8=Q Rxb8 26. e3 Bc4 27. Rbd1 Kf8 28.
Rd7 Bb3 29. Rc1 Bxa4 30. Rxa7 Rd8 31. Bf3 Rd7 32. Rc8+ Kf7 33. Rxd7+ Bxd7 34.
Rb8 Nc4 35. Be2 1-0

[Event "4th Alexander the Great Open"]
[Site "Neos Marmaras GRE"]
[Date "2012.04.21"]
[Round "8"]
[Board "3"]
[White "Drenchev, Petar"]
[Black "Galopoulos, Nikolaos"]
[Result "1-0"]
[WhiteTitle "GM"]
[WhiteElo "2499"]
[BlackElo "2430"]
[WhiteFideId "2903261"]
[BlackFideId "4208951"]
[EventDate "2012.04.16"]

1. d4 Nf6 2. c4 e6 3. Nf3 d5 4. Nc3 c6 5. e3 Nbd7 6. Qc2 Bd6 7. Be2 O-O 8. O-O
dxc4 9. Bxc4 b5 10. Bd3 Bb7 11. Bd2 a6 12. Ng5 Bxh2+ 13. Kxh2 Ng4+ 14. Kg3 Qxg5
15. f4 Qe7 16. Kxg4 f5+ 17. Kg3 Rf6 18. Kf2 Rg6 19. Rh1 c5 20. Rag1 Rc8 21. a3
Nf6 22. dxc5 Qxc5 23. Rh3 Rd8 24. Bc1 Ng4+ 25. Kf1 Nf6 26. e4 Nxe4 27. Nxe4 Qxc2
28. Nf6+ Rxf6 29. Bxc2 Rc8 30. Rc3 Rxc3 31. bxc3 e5 32. g3 Bd5 33. Ke2 Rh6 1-0

[Event "4th Alexander the Great Open"]
[Site "Neos Marmaras GRE"]
[Date "2012.04.21"]
[Round "8"]
[Board "4"]
[White "Pein, Malcolm"]
[Black "Stojanovic, Andjelija"]
[Result "1-0"]
[WhiteTitle "IM"]
[BlackTitle "WGM"]
[WhiteElo "2382"]
[BlackElo "2324"]
[WhiteFideId "400289"]
[BlackFideId "928682"]
[EventDate "2012.04.16"]

1. d4 d5 2. c4 e5 3. dxe5 d4 4. Nf3 Nc6 5. a3 Nge7 6. b4 Ng6 7. Bb2 Ngxe5 8.
Nxe5 Nxe5 9. e3 Be6 10. Bxd4 Nxc4 11. Qc2 Nd6 12. Bd3 Qd7 13. O-O Nf5 14. Nc3
Nxd4 15. exd4 O-O-O 16. d5 Bxd5 17. Nxd5 1-0

[Event "4th Alexander the Great Open"]
[Site "Neos Marmaras GRE"]
[Date "2012.04.21"]
[Round "8"]
[Board "5"]
[White "Djukic, Sandra"]
[Black "Spirliadis, Achileas"]
[Result "1/2-1/2"]
[WhiteTitle "WIM"]
[WhiteElo "2203"]
[BlackElo "2053"]
[WhiteFideId "931390"]
[BlackFideId "4215770"]
[EventDate "2012.04.16"]

1. d4 b5 2. Nf3 Bb7 3. Bf4 e6 4. e3 a6 5. Nbd2 c5 6. c3 Nf6 7. Bd3 c4 8. Bc2 Be7
9. O-O O-O 10. e4 d5 11. e5 Nfd7 12. g3 Nc6 13. h4 f6 14. exf6 Bxf6 15. Qe2 Re8
16. Be5 Nf8 17. Nh2 Bxe5 18. dxe5 d4 19. Be4 dxc3 20. bxc3 Qc7 21. f4 Ne7 22.
Nhf3 Rad8 23. Bxb7 Qxb7 24. Ne4 Nd5 25. Rac1 Qb6+ 26. Qf2 Nd7 27. Nd6 Re7 28.
Qxb6 N7xb6 29. Nd4 Rf8 30. Nc6 Rc7 31. Nd4 Re7 32. Nc6 Rd7 1/2-1/2

[Event "4th Alexander the Great Open"]
[Site "Neos Marmaras GRE"]
[Date "2012.04.21"]
[Round "8"]
[Board "6"]
[White "Tsarouhas, Vasilios"]
[Black "Sanders, Isaac B"]
[Result "1-0"]
[WhiteElo "2139"]
[BlackElo "2097"]
[WhiteFideId "4203437"]
[BlackFideId "417661"]
[EventDate "2012.04.16"]

1. e4 c5 2. Nf3 d6 3. d4 cxd4 4. Nxd4 Nf6 5. Nc3 a6 6. Bg5 e6 7. f4 Be7 8. Qf3
Nbd7 9. O-O-O Qc7 10. Bd3 h6 11. Qh3 b5 12. Rhe1 Nc5 13. e5 dxe5 14. fxe5 Nd5
15. Bxe7 Nxe7 16. Bxb5+ axb5 17. Ndxb5 Qa5 18. b4 Qb6 19. bxc5 Qxc5 20. Qf3 Ra6
21. Nd6+ Rxd6 22. exd6 Nf5 23. Ne4 Qa7 24. g4 Nd4 25. Qc3 1-0

[Event "4th Alexander the Great Open"]
[Site "Neos Marmaras GRE"]
[Date "2012.04.21"]
[Round "8"]
[Board "7"]
[White "Ladopoulos, Dimitrios"]
[Black "Haria, Ravi"]
[Result "0-1"]
[WhiteElo "1968"]
[BlackElo "2060"]
[WhiteFideId "4239580"]
[BlackFideId "415820"]
[EventDate "2012.04.16"]

1. e4 e6 2. d4 d5 3. Nc3 Nf6 4. e5 Nfd7 5. f4 c5 6. Nf3 Nc6 7. Be3 Be7 8. Qd2
O-O 9. dxc5 Nxc5 10. O-O-O a6 11. Kb1 b5 12. Qf2 Nd7 13. Bd3 Rb8 14. g4 Nb6 15.
Nd4 Nxd4 16. Bxd4 Nc4 17. Qg3 f6 18. Bxc4 bxc4 19. exf6 Bxf6 20. Ne2 Bd7 21. Qe3
Rb7 22. g5 Bxd4 23. Qxd4 Qc7 24. c3 Be8 25. Qe3 Bg6+ 26. Ka1 Rb6 27. Rd4 Rfb8
28. Rd2 Be4 29. Rc1 Qb7 30. b4 cxb3 31. Rb2 Qc7 32. Ng3 Bc2 33. Ne2 Bg6 34. axb3
Rxb3 35. Rxb3 Rxb3 36. Qxe6+ Bf7 37. Qxa6 Rb7 38. Qa8+ Rb8 39. Qa3 Qb7 40. Qb4
Qa6+ 0-1

[Event "4th Alexander the Great Open"]
[Site "Neos Marmaras GRE"]
[Date "2012.04.21"]
[Round "8"]
[Board "8"]
[White "Kanmazalp, Ogulcan"]
[Black "Ali Marandi, Cemil Can"]
[Result "0-1"]
[WhiteTitle "IM"]
[BlackTitle "FM"]
[WhiteElo "2389"]
[BlackElo "2315"]
[WhiteFideId "6304990"]
[BlackFideId "6300529"]
[EventDate "2012.04.16"]

1. Nf3 d5 2. c4 c6 3. e3 Nf6 4. Nc3 e6 5. b3 Nbd7 6. Qc2 Bd6 7. Bb2 O-O 8. Be2
Qe7 9. O-O a6 10. d4 dxc4 11. Bxc4 b5 12. Bd3 Bb7 13. e4 e5 14. Ne2 exd4 15.
Nexd4 g6 16. e5 Nxe5 17. Rae1 Nfd7 18. Nxe5 Bxe5 19. Nf5 gxf5 20. Bxf5 Qd6 21.
Bxh7+ Kh8 22. Rxe5 Nxe5 23. f4 f6 24. fxe5 fxe5 25. Re1 Rae8 26. Bg6 Re7 27. Qe4
Rf6 28. Qh4+ Kg8 29. Be4 Qc5+ 30. Kh1 Qf2 31. Qg5+ Rg7 32. Qc1 Qf4 0-1

[Event "4th Alexander the Great Open"]
[Site "Neos Marmaras GRE"]
[Date "2012.04.21"]
[Round "8"]
[Board "9"]
[White "Gogolis, Alexandros"]
[Black "Miskulin, Dennis"]
[Result "1-0"]
[WhiteTitle "FM"]
[WhiteElo "2245"]
[BlackElo "2188"]
[WhiteFideId "4202066"]
[BlackFideId "1705520"]
[EventDate "2012.04.16"]

1. d4 d5 2. Bf4 c5 3. e3 Nc6 4. c3 Nf6 5. Nd2 Bf5 6. Qb3 Qb6 7. dxc5 Qxb3 8.
axb3 e5 9. Bg3 Bxc5 10. b4 Bd6 11. Ngf3 Nd7 12. Nd4 Nxd4 13. exd4 Ke7 14. dxe5
Bxe5 15. Bxe5 Nxe5 16. Nb3 Rhd8 17. Nd4 Bg6 18. Kd2 Rd6 19. Bb5 Kf8 20. Rhe1 Nd7
21. Bxd7 Rxd7 22. Ra5 a6 23. b5 Rd6 24. Rea1 Ke7 25. h4 h5 26. Ke3 Kd7 27. bxa6
bxa6 28. Kd2 Kc8 29. b4 Kb7 30. b5 Bh7 31. Rxa6 Raxa6 32. Rxa6 Rxa6 33. bxa6+
Kxa6 34. Ne2 Bf5 35. Nf4 g6 36. Ke3 1-0

[Event "4th Alexander the Great Open"]
[Site "Neos Marmaras GRE"]
[Date "2012.04.21"]
[Round "8"]
[Board "10"]
[White "Drljevic, Ljilja"]
[Black "Xaxiris, E."]
[Result "0-1"]
[WhiteTitle "WIM"]
[WhiteElo "2278"]
[BlackElo "2062"]
[WhiteFideId "928879"]
[BlackFideId "4206720"]
[EventDate "2012.04.16"]

1. e4 c6 2. d3 d5 3. Nd2 g6 4. g3 Bg7 5. Bg2 e5 6. Ngf3 Ne7 7. O-O O-O 8. b4 a5
9. Bb2 d4 10. bxa5 Qxa5 11. Nc4 Qc7 12. a4 c5 13. c3 dxc3 14. Bxc3 Nbc6 15. Qb1
Be6 16. Nb6 Ra6 17. a5 f6 18. Nd2 Rd8 19. Ndc4 Nd4 20. Bxd4 Rxd4 21. Ne3 Rb4 22.
Qc2 Bf8 23. f4 exf4 24. gxf4 Bh6 25. Qf2 f5 26. e5 Bxf4 27. Ned5 Bxd5 28. Bxd5+
Kg7 29. Bc4 Bxe5 30. Qf3 Rb2 31. Ra2 Bd4+ 0-1

[Event "4th Alexander the Great Open"]
[Site "Neos Marmaras GRE"]
[Date "2012.04.21"]
[Round "8"]
[Board "11"]
[White "Tassopoulos, Marios"]
[Black "Ioannidis, Evgenios"]
[Result "1/2-1/2"]
[WhiteTitle "FM"]
[BlackTitle "FM"]
[WhiteElo "2222"]
[BlackElo "1908"]
[WhiteFideId "4206282"]
[BlackFideId "4229274"]
[EventDate "2012.04.16"]

1. Nf3 Nf6 2. d4 e6 3. g3 c5 4. Bg2 cxd4 5. Nxd4 Be7 6. c4 a6 7. Nc3 O-O 8. b3
Nc6 9. O-O Qc7 10. Bb2 b6 11. Rc1 Bb7 12. Nd5 exd5 13. cxd5 Bc5 14. dxc6 dxc6
15. e3 Rad8 16. Qf3 Nd5 17. Qh5 Rfe8 18. a3 a5 19. Rfd1 Nf6 20. Qh4 Nd5 21. Nf5
f6 22. Bxd5+ Rxd5 23. Rxd5 cxd5 24. b4 axb4 25. axb4 Re4 26. Qh5 g6 27. Nh6+ Kg7
28. Nf5+ Kg8 29. Nh6+ Kg7 30. Nf5+ 1/2-1/2

[Event "4th Alexander the Great Open"]
[Site "Neos Marmaras GRE"]
[Date "2012.04.21"]
[Round "8"]
[Board "12"]
[White "Papasimakopoulos, Alexandros"]
[Black "Grapsa, Georgia"]
[Result "0-1"]
[WhiteElo "2019"]
[BlackElo "2018"]
[WhiteFideId "4244125"]
[BlackFideId "4206436"]
[EventDate "2012.04.16"]

1. d4 Nf6 2. c4 b6 3. f3 e6 4. e4 Bb4+ 5. Bd2 Bxd2+ 6. Qxd2 d6 7. Nc3 O-O 8. Bd3
e5 9. Nge2 Nbd7 10. O-O-O exd4 11. Nxd4 Ne5 12. Kb1 Be6 13. Nd5 c5 14. Ne2 Bxd5
15. exd5 Qd7 16. Nc3 Rfe8 17. Rde1 a6 18. f4 Nxd3 19. Qxd3 Qg4 20. g3 Qh3 21.
Ne4 Nxe4 22. Rxe4 g6 23. Rhe1 Rxe4 24. Qxe4 Qxh2 25. g4 Qf2 26. f5 b5 27. Rh1
bxc4 28. fxg6 hxg6 29. Qxc4 Qg2 30. Rc1 Rb8 31. Rc2 Qg1+ 32. Rc1 Qe3 33. a3 Qxa3
34. Rc2 Qb3 35. Qe4 Rb4 36. Qe8+ Kg7 37. Rh2 0-1

[Event "4th Alexander the Great Open"]
[Site "Neos Marmaras GRE"]
[Date "2012.04.21"]
[Round "8"]
[Board "13"]
[White "Ryabov, Igor"]
[Black "Franco, William"]
[Result "1-0"]
[WhiteElo "2009"]
[BlackElo "2097"]
[WhiteFideId "24196088"]
[BlackFideId "4400909"]
[EventDate "2012.04.16"]

1. e4 e5 2. Nf3 Nc6 3. Bc4 Nf6 4. d3 Bc5 5. c3 d6 6. Bb3 Qe7 7. Nbd2 a6 8. Nf1
Ba7 9. Ng3 g6 10. h3 h6 11. Qe2 Nd7 12. Be3 Nc5 13. Bd5 Ne6 14. Qd2 g5 15. Nf5
Qf6 16. Bxa7 Nxa7 17. O-O-O Nf4 18. d4 Bxf5 19. dxe5 dxe5 20. exf5 O-O-O 21. Qe3
Kb8 22. Qe4 Nxd5 23. Rxd5 Rxd5 24. Qxd5 Nc6 25. Qe4 Qe7 26. h4 Rd8 27. Rd1 Rxd1+
28. Kxd1 Qd7+ 29. Kc2 f6 30. hxg5 hxg5 31. Ne1 Ne7 32. g4 Qd5 33. Qxd5 Nxd5 34.
Kd3 c6 35. Nf3 Kc7 36. Nd2 Kd7 37. Ne4 b6 38. a3 Ke7 39. c4 Nf4+ 40. Kd2 a5 41.
b3 Ng2 42. c5 b5 43. a4 Nf4 44. Nd6 bxa4 45. bxa4 Kd7 46. Nc4 Kc7 47. Nxa5 e4
48. Nb3 Nd3 49. f3 Ne5 50. fxe4 Nxg4 51. Ke2 Ne5 52. Nd4 Kb7 53. Nf3 Nd7 54. e5
fxe5 55. Nxg5 Nxc5 56. f6 Nd7 57. f7 Kc7 58. Kf3 Kd6 59. a5 Ke7 60. Ke4 Kf6 61.
a6 Ke7 62. a7 Nb6 1-0

[Event "4th Alexander the Great Open"]
[Site "Neos Marmaras GRE"]
[Date "2012.04.21"]
[Round "8"]
[Board "14"]
[White "Marantidis, Panagiotis"]
[Black "Avagianos, Simeon"]
[Result "0-1"]
[WhiteElo "1924"]
[BlackElo "2060"]
[WhiteFideId "4210441"]
[BlackFideId "4208455"]
[EventDate "2012.04.16"]

1. e4 c5 2. Nf3 d6 3. d4 cxd4 4. Nxd4 Nf6 5. Nc3 a6 6. Be2 e5 7. Nb3 Be7 8. O-O
Nbd7 9. Be3 b5 10. f3 Bb7 11. Qd2 Rc8 12. Rad1 Nb6 13. Kh1 Qc7 14. Bxb5+ axb5
15. Nxb5 Qd8 16. Bxb6 Qxb6 17. Nxd6+ Bxd6 18. Qxd6 Qxd6 19. Rxd6 Rxc2 20. Rb6
Bc8 21. Nc1 O-O 22. Rd1 Be6 23. a4 Rfc8 24. Nd3 Nd7 25. Rb4 f6 26. h4 Nc5 27. a5
Rd8 28. Nf2 Rxd1+ 29. Nxd1 Rc1 30. Rb8+ Kf7 31. Rd8 Nd7 32. b4 Rxd1+ 33. Kh2 Ke7
34. Rc8 Ra1 35. Rc2 Ra4 36. Rb2 Bc4 37. Kh3 Bb5 38. g3 Nb8 39. Rc2 Na6 40. Rc8
Bd7+ 0-1

[Event "4th Alexander the Great Open"]
[Site "Neos Marmaras GRE"]
[Date "2012.04.22"]
[Round "9"]
[Board "2"]
[White "Galopoulos, Nikolaos"]
[Black "Mastrovasilis, Athanasios"]
[Result "1/2-1/2"]
[BlackTitle "GM"]
[WhiteElo "2430"]
[BlackElo "2510"]
[WhiteFideId "4208951"]
[BlackFideId "4201990"]
[EventDate "2012.04.16"]

1. d4 d5 2. c4 dxc4 3. Nf3 a6 4. e3 b5 5. a4 Bb7 6. b3 e6 7. bxc4 bxc4 8. Bxc4
Nf6 9. O-O c5 10. Ba3 Nbd7 11. Nbd2 Be7 12. Qe2 cxd4 1/2-1/2

[Event "4th Alexander the Great Open"]
[Site "Neos Marmaras GRE"]
[Date "2012.04.22"]
[Round "9"]
[Board "3"]
[White "Haznedaroglu, Kivanc"]
[Black "Pein, Malcolm"]
[Result "1-0"]
[WhiteTitle "GM"]
[BlackTitle "IM"]
[WhiteElo "2419"]
[BlackElo "2382"]
[WhiteFideId "6300634"]
[BlackFideId "400289"]
[EventDate "2012.04.16"]

1. e4 e5 2. Nf3 Nc6 3. Bb5 a6 4. Ba4 Nf6 5. O-O Be7 6. Qe2 b5 7. Bb3 O-O 8. c3
d5 9. d3 Bb7 10. Rd1 Re8 11. Nbd2 Bf8 12. Nf1 Na5 13. Bc2 c5 14. Ng3 g6 15. h3
Rc8 16. Nh2 d4 17. Ng4 Nxg4 18. Qxg4 Bg7 19. Bd2 c4 20. Ne2 Nc6 21. a4 Qb6 22.
axb5 axb5 23. Rab1 Red8 24. b3 Qc7 25. bxc4 bxc4 26. Bg5 f6 27. Qe6+ Kf8 28.
Bxf6 dxc3 29. Bxd8 Rxd8 30. Qxc4 Qd7 31. Ba4 Rc8 32. Qxc3 1-0

[Event "4th Alexander the Great Open"]
[Site "Neos Marmaras GRE"]
[Date "2012.04.22"]
[Round "9"]
[Board "4"]
[White "Skytte, Rasmus"]
[Black "Tsarouhas, Vasilios"]
[Result "1-0"]
[WhiteTitle "IM"]
[WhiteElo "2376"]
[BlackElo "2139"]
[WhiteFideId "1404210"]
[BlackFideId "4203437"]
[EventDate "2012.04.16"]

1. e4 c5 2. c3 Nf6 3. e5 Nd5 4. d4 cxd4 5. Nf3 e6 6. cxd4 b6 7. Bd3 Bb7 8. O-O
d6 9. Nc3 Nxc3 10. bxc3 Nd7 11. Bf4 Qc7 12. Re1 dxe5 13. Nxe5 Nxe5 14. Bxe5 Bd6
15. Bb5+ Kf8 16. Qd2 Rd8 17. Qf4 h6 18. Rac1 Bxe5 19. dxe5 Rd5 20. Bc4 Rc5 21.
Bxe6 f6 22. Rcd1 Rxc3 23. exf6 1-0

[Event "4th Alexander the Great Open"]
[Site "Neos Marmaras GRE"]
[Date "2012.04.22"]
[Round "9"]
[Board "6"]
[White "Spirliadis, Achileas"]
[Black "Gogolis, Alexandros"]
[Result "1/2-1/2"]
[BlackTitle "FM"]
[WhiteElo "2053"]
[BlackElo "2245"]
[WhiteFideId "4215770"]
[BlackFideId "4202066"]
[EventDate "2012.04.16"]

1. e4 d5 2. exd5 Qxd5 3. Nc3 Qa5 4. d4 Nf6 5. a3 c6 6. Bf4 Bf5 7. Nf3 Nbd7 8. b4
Qd8 9. d5 Rc8 10. dxc6 Rxc6 11. Nb5 e5 12. Nxa7 exf4 13. Nxc6 bxc6 14. Bd3 Bg4
15. O-O Be7 1/2-1/2

[Event "4th Alexander the Great Open"]
[Site "Neos Marmaras GRE"]
[Date "2012.04.22"]
[Round "9"]
[Board "7"]
[White "Stojanovic, Andjelija"]
[Black "Haria, Ravi"]
[Result "1/2-1/2"]
[WhiteTitle "WGM"]
[WhiteElo "2324"]
[BlackElo "2060"]
[WhiteFideId "928682"]
[BlackFideId "415820"]
[EventDate "2012.04.16"]

1. Nf3 Nf6 2. g3 c5 3. Bg2 Nc6 4. c4 d5 5. O-O e5 6. cxd5 Nxd5 7. Nc3 Nc7 8. d3
Be7 9. Be3 O-O 10. Rc1 Be6 11. a3 f6 12. Nd2 Nd4 13. Na4 b6 14. Bxd4 exd4 15.
Bxa8 Qxa8 16. Nf3 Rd8 17. b4 Qd5 18. bxc5 bxc5 19. Rb1 Kh8 20. Qc2 Bh3 21. Rfc1
Ne6 22. Qb3 Qf5 23. Qb7 Bd6 24. Qe4 Qh5 25. Qh4 Qf5 26. Qe4 Qh5 27. Qh4 Qf5 28.
Qe4 1/2-1/2

[Event "4th Alexander the Great Open"]
[Site "Neos Marmaras GRE"]
[Date "2012.04.22"]
[Round "9"]
[Board "8"]
[White "Sanders, Isaac B"]
[Black "Ladopoulos, Dimitrios"]
[Result "0-1"]
[WhiteElo "2097"]
[BlackElo "1968"]
[WhiteFideId "417661"]
[BlackFideId "4239580"]
[EventDate "2012.04.16"]

1. d4 Nf6 2. c4 g6 3. Nc3 Bg7 4. e4 d6 5. Nf3 O-O 6. Be2 e5 7. O-O Na6 8. d5 Nc5
9. Nd2 a5 10. b3 Bd7 11. a3 c6 12. dxc6 bxc6 13. Rb1 Rb8 14. b4 axb4 15. axb4
Ne6 16. Nf3 Nd4 17. Be3 c5 18. b5 Bc8 19. Bg5 Bb7 20. Ra1 h6 21. Bxf6 Bxf6 22.
Nxd4 exd4 23. Nd5 Bxd5 24. cxd5 d3 25. Bxd3 Bxa1 26. Qxa1 Ra8 27. Qb2 Qa5 28. e5
Qa3 29. Qb1 Qb4 0-1

[Event "4th Alexander the Great Open"]
[Site "Neos Marmaras GRE"]
[Date "2012.04.22"]
[Round "9"]
[Board "9"]
[White "Grapsa, Georgia"]
[Black "Xaxiris, E."]
[Result "1-0"]
[WhiteElo "2018"]
[BlackElo "2062"]
[WhiteFideId "4206436"]
[BlackFideId "4206720"]
[EventDate "2012.04.16"]

1. d4 f5 2. g3 Nf6 3. Bg2 g6 4. c4 Bg7 5. Nc3 O-O 6. Nh3 d6 7. d5 a5 8. Nf4 Na6
9. O-O Qe8 10. Rb1 Bd7 11. b3 Nc5 12. Be3 b6 13. Bd4 g5 14. Ne6 Bxe6 15. dxe6 c6
16. Bxc5 bxc5 17. f4 Ng4 18. Qd3 Bd4+ 19. Kh1 Nxh2 20. Bxc6 Qh5 21. Kg2 g4 22.
e3 Bxc3 23. Rh1 Qh3+ 24. Kf2 Bg7 25. Bxa8 Rxa8 26. Qd1 Qh6 27. Qd5 Rf8 28. Qg2
Qxe6 29. Rxh2 Qf6 30. Qd5+ Kh8 31. Rd1 Qc3 32. Rd3 Qa1 33. Rd2 Bc3 34. Rh1 Qxh1
35. Qxh1 Bxd2 36. Qa1+ Kg8 37. Ke2 Bb4 38. a3 Rf6 39. axb4 axb4 40. Qa8+ Kg7 41.
Qe8 Rf7 42. e4 fxe4 43. Ke3 h5 44. Kxe4 h4 45. Qd7 1-0

[Event "4th Alexander the Great Open"]
[Site "Neos Marmaras GRE"]
[Date "2012.04.22"]
[Round "9"]
[Board "10"]
[White "Avagianos, Simeon"]
[Black "Kanmazalp, Ogulcan"]
[Result "0-1"]
[BlackTitle "IM"]
[WhiteElo "2060"]
[BlackElo "2389"]
[WhiteFideId "4208455"]
[BlackFideId "6304990"]
[EventDate "2012.04.16"]

1. d4 Nf6 2. c4 g6 3. Nc3 Bg7 4. e4 d6 5. f3 c6 6. Be3 a6 7. Rb1 b5 8. cxb5 axb5
9. b4 O-O 10. Bd3 Nbd7 11. a4 bxa4 12. Nxa4 e5 13. Ne2 d5 14. Nac3 dxe4 15. Nxe4
Nd5 16. Bf2 exd4 17. Nxd4 Ne5 18. Be2 Nf4 19. O-O Nxe2+ 20. Nxe2 Ba6 21. N4c3
Nd3 22. Bg3 Bxc3 23. Nxc3 Qd4+ 24. Kh1 Qxc3 0-1